000 00410nam a2200145 i 4500
001 bg
100 1 _aBAILEY, F. L.
245 0 _aIntroduction to semiconductor devices diodes, bipolar transistors, JEETs, IGFETs, SCRs and integrated circuits /
_cF.L. Bailey.
260 _aLondon,
_c1972.
040 _cBPK
041 _apol
080 _a621.382
942 _cKS
008 s pl f |000 0 pol
999 _c15628
_d15628
856 _uhttp://koha.tu.koszalin.pl/cgi-bin/koha/opac-detail.pl?biblionumber=15628
_yKatalog online BPK